000 004690000a22001810004500
003 MACL
005 20151229171530.0
008 151229b xxu||||| |||| 00| 0 eng d
040 _aMACL
_cMACL
041 _aEnglish
082 _a300/RUS
100 _aRussell, Bertrand
_921287
245 _aHuman Society in Ethics and Politics
260 _bGeorge Allen & Unwin Ltd
_c1954
_aLondon
350 _a16
650 _aSocial Science
_924388
942 _cBK
_k300/RUS
_2ddc
999 _c39478
_d39478